El derecho como práctica y ciencia social: más allá del silogismo, una replica a Martín Rearte = Law as practice and social science : beyond silogism, a reply to Martin Rearte /
El presente artículo contesta la concepción del derecho que propone Martín Rearte, mostrando los paradigmas internos del derecho, las prácticas sociales alrededor del derecho por el control de la interpretación legal y se propone un estudio de caso, a partir del funcionamiento de la Sala Constitucio...
Αποθηκεύτηκε σε:
| Κύριος συγγραφέας: | |
|---|---|
| Μορφή: | Κείμενο |
| Θέματα: | |
| Ετικέτες: |
Προσθήκη ετικέτας
Δεν υπάρχουν, Καταχωρήστε ετικέτα πρώτοι!
|
MARC
| LEADER | 00000 a a2200000 04500 | ||
|---|---|---|---|
| 001 | 42083 | ||
| 003 | |||
| 040 | |||
| 100 | |a Ramirez Granados, Mario A. | ||
| 245 | |a El derecho como práctica y ciencia social: más allá del silogismo, una replica a Martín Rearte = |b Law as practice and social science : beyond silogism, a reply to Martin Rearte / |c Mario A. Ramirez Granados | ||
| 500 | |a maragra77@yahoo.com | ||
| 520 | 4 | |a El presente artículo contesta la concepción del derecho que propone Martín Rearte, mostrando los paradigmas internos del derecho, las prácticas sociales alrededor del derecho por el control de la interpretación legal y se propone un estudio de caso, a partir del funcionamiento de la Sala Constitucional Costarricense. | |
| 590 | |a RRA/NOVIEMBRE2011 | ||
| 650 | |a 1.DERECHO | ||
| 650 | |a 2.TEORIA SOCIAL | ||
| 650 | |a 3.SOCIOLOGIA | ||
| 650 | |a 4.IDEOLOGIAS | ||
| 650 | |a 5.COSTA RICA | ||
| 650 | |a 6.DERECHO CONSTITUCIONAL | ||
| 773 | |g número126 ( , 2009), páginas 135-141 | ||
| 999 | |c 32572 |d 32572 | ||
| 773 | 0 | |0 18728 |9 3019 |a Universidad de Costa Rica |d San José, Costa Rica Editorial UCR 1956- |o 12516 |t Revista de Ciencias Sociales/ |x 04825276 | |
